000 00879nam a2200241Ia 4500
003 GCL
008 140319s9999 xx 000 0 ara d
040 _aGCL /
_cGCL
082 0 4 _a725
_bم ا
100 1 _aشيرين ماجد خلوصى
245 1 0 _aالموسوعة الهندسية المعمارية - تصميم المطاعم /
_cشيرين ماجد خلوصى
700 1 _aمحمد ماجد خلوصى
250 _aالاولى
260 _aالقاهرة :
_bدار قابس للطباعة والنشر والتوزيع ،
_c2002
300 _a414 ص ؛
_c28 سم
490 _aالموسوعة الهندسية المعمارية
_v9
650 0 4 _aالمطاعم
650 0 4 _aالمطاعم - تصميم
650 0 4 _aالمطاعم - تجهيزات
650 0 4 _aالمطاعم - مبانى
650 0 4 _aالمطاعم - عمارة
942 _2ddc
_cBK
999 _c5456
_d5456